[Event "Titled Tue 17th Jun Late"]
[Site "chess.com INT"]
[Date "2025.06.17"]
[Round "3"]
[White "Manukyan, Sargis A."]
[Black "Uzuner, Tufan Can"]
[Result "1-0"]
[WhiteTitle "FM"]
[BlackTitle "CM"]
[WhiteElo "2294"]
[BlackElo "1909"]
[WhiteFideId "13303970"]
[BlackFideId "6300499"]
[EventDate "2025.06.17"]

1. d4 d5 2. c4 c6 3. Nc3 Nf6 4. e3 a6 5. Nf3 b5 6. b3 Bg4 7. Qc2 Bxf3 8. gxf3 e6
9. f4 Nbd7 10. c5 g6 11. a3 Bg7 12. Bb2 O-O 13. Nb1 Ne4 14. Bd3 f5 15. Nd2 Qh4
16. Nf3 Qe7 17. O-O-O a5 18. h4 Ndf6 19. Ne5 Qc7 20. Rdg1 Nh5 21. Rg2 Bxe5 22.
fxe5 f4 23. Bxe4 dxe4 24. Qxe4 fxe3 25. fxe3 Rf5 26. Rhg1 Raf8 27. Kb1 Qd7 28.
Ka2 a4 29. Qd3 axb3+ 30. Qxb3 Qd5 31. e4 Qxb3+ 32. Kxb3 Rf3+ 33. Ka2 Nf4 34. Rd2
Nh5 35. d5 Rd8 36. Rgd1 Rf4 37. dxc6 Rxd2 38. Rxd2 Rf7 39. Rd7 Ng7 40. Rxf7 Kxf7
41. c7 1-0

[Event "Titled Tue 17th Jun Late"]
[Site "chess.com INT"]
[Date "2025.06.17"]
[Round "3"]
[White "Robert, Yoann"]
[Black "Guerrero Cataldo, Juan Andres"]
[Result "0-1"]
[WhiteTitle "CM"]
[BlackTitle "CM"]
[WhiteElo "2203"]
[BlackElo "2082"]
[WhiteFideId "36018805"]
[BlackFideId "3421260"]
[EventDate "2025.06.17"]

1. d4 Nf6 2. Nc3 d5 3. Bf4 a6 4. e3 Bg4 5. f3 Bc8 6. g4 h6 7. Bd3 c5 8. Qd2 Nc6
9. O-O-O cxd4 10. exd4 Nxd4 11. Re1 e6 12. h4 Nc6 13. Nge2 e5 14. Ng3 Be6 15.
Bxe5 Nxe5 16. Rxe5 Bd6 17. Rhe1 Bxe5 18. Rxe5 Qd6 19. Qe1 Nd7 20. Nf5 Qxe5 21.
Qf2 Qf4+ 22. Kb1 O-O 23. Ne2 Qc7 24. g5 h5 25. Neg3 g6 26. Nh6+ Kg7 27. f4 Qc5
28. Qe1 Rae8 29. Qd1 Bg4 30. Qc1 Qe3 31. f5 Qxc1+ 32. Kxc1 gxf5 33. Ngxf5+ Bxf5
34. Nxf5+ Kh8 35. Ng3 Ne5 36. Bf5 Nc4 37. c3 Re1+ 38. Kc2 Ne3+ 39. Kd2 Nxf5 40.
Nxf5 Rf1 41. Ng3 Rf2+ 42. Kd3 Rf3+ 0-1

[Event "Titled Tue 17th Jun Late"]
[Site "chess.com INT"]
[Date "2025.06.17"]
[Round "3"]
[White "Lin, Bryan Enming"]
[Black "Urbina Perez, Juan Antonio"]
[Result "1/2-1/2"]
[WhiteTitle "FM"]
[BlackTitle "FM"]
[WhiteElo "2343"]
[BlackElo "2221"]
[WhiteFideId "30987121"]
[BlackFideId "2217368"]
[EventDate "2025.06.17"]

1. Nf3 d5 2. g3 Nd7 3. Bg2 e5 4. d3 c6 5. O-O Bd6 6. c4 Ngf6 7. a3 O-O 8. b4 Qe7
9. Bb2 Re8 10. Nbd2 e4 11. Nd4 e3 12. Nf5 exf2+ 13. Rxf2 Qf8 14. Nxd6 Qxd6 15.
e4 dxe4 16. Nxe4 Nxe4 17. Bxe4 Ne5 18. Qh5 Ng6 19. Raf1 Be6 20. Qf3 Rad8 21. h4
Ne5 22. Bxh7+ Kxh7 23. Qh5+ Kg8 24. Bxe5 Qxd3 25. Qg5 Qg6 26. Qf4 Bxc4 27. Qxc4
Rxe5 28. Qxf7+ Qxf7 29. Rxf7 Rd3 30. Kg2 Re2+ 31. Kh3 Ree3 32. Rxb7 Rxg3+ 33.
Kh2 Rh3+ 34. Kg2 Rdg3+ 35. Kf2 Rf3+ 36. Kg2 Rhg3+ 37. Kh2 Rh3+ 38. Kg2 Rhg3+ 39.
Kh2 Rh3+ 40. Kg2 1/2-1/2

[Event "Titled Tue 17th Jun Late"]
[Site "chess.com INT"]
[Date "2025.06.17"]
[Round "3"]
[White "Cori Quispe, Kevin Joel"]
[Black "Fadi, Marko"]
[Result "1-0"]
[WhiteTitle "GM"]
[BlackTitle "FM"]
[WhiteElo "2464"]
[BlackElo "2298"]
[WhiteFideId "3814017"]
[BlackFideId "10605371"]
[EventDate "2025.06.17"]

1. e4 c5 2. Nf3 Nc6 3. Bb5 g6 4. O-O Bg7 5. Re1 Nf6 6. c3 O-O 7. h3 d6 8. d4
cxd4 9. cxd4 a6 10. Bd3 e5 11. d5 Ne7 12. Nc3 h6 13. a4 Nd7 14. a5 f5 15. Nd2 f4
16. Nc4 Nf6 17. Nb6 Rb8 18. b3 g5 19. Be2 Nd7 20. Nca4 Nf6 21. Bf3 Bd7 22. Nxd7
Qxd7 23. Nb6 Qb5 24. Nc4 Rfd8 25. Ba3 Ne8 26. Bh5 Nf6 27. Bxd6 Rxd6 28. Nxd6 1-0

[Event "Titled Tue 17th Jun Late"]
[Site "chess.com INT"]
[Date "2025.06.17"]
[Round "3"]
[White "Galchenko, Matvey"]
[Black "Demirtas, Alper"]
[Result "1-0"]
[WhiteTitle "IM"]
[BlackTitle "CM"]
[WhiteElo "2435"]
[BlackElo "2205"]
[WhiteFideId "24175480"]
[BlackFideId "44576781"]
[EventDate "2025.06.17"]

1. f4 d5 2. Nf3 Nf6 3. g3 g6 4. Bg2 Bg7 5. O-O O-O 6. d3 b6 7. Nc3 Bb7 8. e4
dxe4 9. Ng5 c5 10. dxe4 h6 11. Nh3 Qxd1 12. Rxd1 Ng4 13. e5 Bxg2 14. Kxg2 Nc6
15. Nf2 Nxf2 16. Kxf2 Nd4 17. Rd2 Rad8 18. Ne4 f5 19. Nc3 g5 20. Ne2 Nxe2 21.
Kxe2 gxf4 22. gxf4 Kf7 23. Rxd8 Rxd8 24. Be3 h5 25. Rg1 Bh6 26. a4 e6 27. a5
bxa5 28. Ra1 Rb8 29. b3 Rb4 30. Kf3 c4 31. Bd2 Rb5 32. bxc4 Rc5 33. Ra4 Bf8 34.
Be3 Rc7 35. Rxa5 Rxc4 36. Rxa7+ Ke8 37. Ra2 Rc3 38. Ke2 Rc4 39. Kd3 Rb4 40. Ra8+
Kf7 41. Rxf8+ Kxf8 42. Bc5+ 1-0

[Event "Titled Tue 17th Jun Late"]
[Site "chess.com INT"]
[Date "2025.06.17"]
[Round "3"]
[White "Mansurova, Mumtozbegim"]
[Black "Medina Paz, Miguel"]
[Result "0-1"]
[WhiteTitle "WCM"]
[BlackTitle "IM"]
[WhiteElo "1800"]
[BlackElo "2368"]
[WhiteFideId "14215780"]
[BlackFideId "7300379"]
[EventDate "2025.06.17"]

1. e4 c5 2. Nf3 Nc6 3. Bb5 g6 4. Bxc6 dxc6 5. O-O Bg7 6. d3 Nf6 7. Re1 Nd7 8. a4
b6 9. a5 Rb8 10. Nbd2 O-O 11. Nc4 b5 12. Ne3 e5 13. c3 Re8 14. Qc2 Nf8 15. b4
Ne6 16. bxc5 Nxc5 17. Ba3 Ne6 18. Red1 Ba6 19. Rac1 Qc7 20. d4 b4 21. cxb4 exd4
22. Nc4 Qf4 23. Ne1 Ng5 24. Nd3 Qxe4 25. Re1 Qg4 26. Kh1 h6 27. Nd6 Rxe1+ 28.
Rxe1 Bf8 29. Nc4 Qf5 30. Rc1 Ne4 31. Kg1 Qb5 32. Bb2 Bg7 0-1

[Event "Titled Tue 17th Jun Late"]
[Site "chess.com INT"]
[Date "2025.06.17"]
[Round "3"]
[White "Miserendino, Alfredo"]
[Black "Ernst, Luca"]
[Result "0-1"]
[BlackTitle "FM"]
[WhiteElo "2032"]
[BlackElo "2215"]
[WhiteFideId "101800"]
[BlackFideId "45117055"]
[EventDate "2025.06.17"]

1. e4 e5 2. Nf3 Nc6 3. Bb5 a6 4. Ba4 f5 5. d3 fxe4 6. dxe4 Nf6 7. O-O b5 8. Bb3
d6 9. Ng5 Nd4 10. Bf7+ Ke7 11. c3 Ne6 12. Bxe6 Bxe6 13. Nxe6 Kxe6 14. f4 exf4
15. Bxf4 Be7 16. Bg5 Rf8 17. a4 Kf7 18. axb5 axb5 19. Rxa8 Qxa8 20. Qb3+ Kg6 21.
Bxf6 Bxf6 22. Qe6 Qc8 23. Qd5 Be5 24. Rxf8 Qxf8 25. Qd1 Qf4 0-1

[Event "Titled Tue 17th Jun Late"]
[Site "chess.com INT"]
[Date "2025.06.17"]
[Round "3"]
[White "Frischmann, Rick"]
[Black "Bluebaum, Matthias"]
[Result "0-1"]
[WhiteTitle "FM"]
[BlackTitle "GM"]
[WhiteElo "2355"]
[BlackElo "2663"]
[WhiteFideId "24660752"]
[BlackFideId "24651516"]
[EventDate "2025.06.17"]

1. e4 e6 2. d4 d5 3. e5 c5 4. c3 Nc6 5. Nf3 Nge7 6. Na3 Bd7 7. Nc2 Qa5 8. dxc5
Ng6 9. b4 Qc7 10. Be2 Ncxe5 11. Nxe5 Nxe5 12. O-O Be7 13. f4 Nc4 14. f5 Bf6 15.
Bf4 Be5 16. fxe6 Bxe6 17. Bxc4 Bxf4 18. Bb5+ Kf8 19. Nd4 Be3+ 20. Kh1 Bxd4 21.
Qxd4 h5 22. Rae1 Rh6 23. Re5 b6 24. Rg5 f6 25. Be2 bxc5 26. bxc5 Rc8 27. Rxh5
Rxh5 28. Bxh5 Kg8 29. g3 Qxc5 30. Qxc5 Rxc5 31. Rf3 d4 32. Bg6 Bd5 0-1

[Event "Titled Tue 17th Jun Late"]
[Site "chess.com INT"]
[Date "2025.06.17"]
[Round "3"]
[White "Amirkul, Alimzhan"]
[Black "Bryakin, Mikhail"]
[Result "0-1"]
[WhiteTitle "FM"]
[BlackTitle "GM"]
[WhiteElo "2357"]
[BlackElo "2462"]
[WhiteFideId "13718428"]
[BlackFideId "4165314"]
[EventDate "2025.06.17"]

1. e4 b6 2. d4 Bb7 3. Nc3 e6 4. g3 Bb4 5. Bg2 Ne7 6. Ne2 O-O 7. O-O f5 8. a3
Bxc3 9. Nxc3 fxe4 10. Nxe4 Nbc6 11. b4 a6 12. Bb2 Nf5 13. d5 exd5 14. Qxd5+ Kh8
15. Rad1 d6 16. h4 Rb8 17. Ng5 Ne5 18. Qb3 Bxg2 19. Kxg2 Qe8 20. Rfe1 h6 21. Ne6
Nxh4+ 22. gxh4 Qg6+ 23. Qg3 Qxe6 24. f4 Rf6 25. h5 Qc4 26. fxe5 Qxc2+ 27. Kh1
Rf5 28. Bc1 Rxh5+ 29. Kg1 Qc6 30. Qg2 Qd7 0-1

[Event "Titled Tue 17th Jun Late"]
[Site "chess.com INT"]
[Date "2025.06.17"]
[Round "3"]
[White "Mafra, Kaiser Luiz"]
[Black "Mayaud, Raphael"]
[Result "0-1"]
[WhiteTitle "CM"]
[BlackTitle "CM"]
[WhiteElo "2076"]
[BlackElo "2126"]
[WhiteFideId "2106698"]
[BlackFideId "627151"]
[EventDate "2025.06.17"]

1. e4 c6 2. d4 d5 3. e5 Bf5 4. h4 h5 5. Bd3 Bxd3 6. Qxd3 e6 7. Nf3 c5 8. dxc5
Bxc5 9. Be3 Bxe3 10. Qxe3 Nc6 11. c3 Nge7 12. Na3 Nf5 13. Qe2 a6 14. Nc2 Qb6 15.
O-O Qxb2 16. Rfb1 Qxc3 17. Rxb7 O-O 18. Ng5 Qxe5 19. Qxh5 Nh6 20. Re1 Qf5 21.
Ne3 Qd3 22. Ng4 Nxg4 23. Qxg4 Rab8 24. Rxb8 Rxb8 25. Nxe6 fxe6 26. Qxe6+ Kh7 27.
Qxc6 Rb1 28. Rxb1 Qxb1+ 29. Kh2 d4 30. Qe8 Qf5 31. f3 Qf4+ 32. g3 Qxf3 33. h5
Qf2+ 34. Kh3 Qf5+ 35. Kg2 d3 36. Qe1 Qd5+ 37. Kg1 d2 38. Qd1 Qd3 39. Kf2 Kh6 40.
g4 Kg5 41. a4 Kf4 42. a5 Qe3+ 43. Kg2 Qe1 44. Qa4+ Kg5 0-1

[Event "Titled Tue 17th Jun Late"]
[Site "chess.com INT"]
[Date "2025.06.17"]
[Round "3"]
[White "Panin, Mikhail"]
[Black "Rasch, Holger"]
[Result "1-0"]
[WhiteTitle "CM"]
[BlackTitle "FM"]
[WhiteElo "2255"]
[BlackElo "2246"]
[WhiteFideId "34164992"]
[BlackFideId "4615670"]
[EventDate "2025.06.17"]

1. e4 c5 2. Nf3 e6 3. g3 Nc6 4. Bg2 d6 5. d4 cxd4 6. Nxd4 Bd7 7. O-O a6 8. Nc3
Qc7 9. Nxc6 Bxc6 10. a4 Nf6 11. a5 Be7 12. Be3 O-O 13. Re1 Rac8 14. h3 Nd7 15.
Bd4 Bf6 16. Bxf6 Nxf6 17. Qd4 Rfd8 18. Red1 Rd7 19. Ra3 Rcd8 20. Kh2 e5 21. Qe3
d5 22. exd5 Nxd5 23. Nxd5 Bxd5 24. Bxd5 Rxd5 25. Rxd5 Rxd5 26. Rc3 Qd8 27. Qb6
Qxb6 28. axb6 g6 29. Rc7 Rb5 30. Rxb7 Rxb2 31. c4 Rxf2+ 32. Kg1 Rc2 33. Rb8+ Kg7
34. b7 Rxc4 35. Ra8 1-0

[Event "Titled Tue 17th Jun Late"]
[Site "chess.com INT"]
[Date "2025.06.17"]
[Round "3"]
[White "Montano Vicente, Guadalupe"]
[Black "Guarin Fonseca, Nobel Alfredo"]
[Result "0-1"]
[BlackTitle "FM"]
[WhiteElo "1938"]
[BlackElo "2035"]
[WhiteFideId "5181399"]
[BlackFideId "4477731"]
[EventDate "2025.06.17"]

1. d4 Nf6 2. c4 e6 3. Nc3 Be7 4. Bg5 d5 5. c5 O-O 6. e3 b6 7. cxb6 axb6 8. Nf3
c5 9. Bd3 c4 10. Bc2 Nc6 11. O-O Ba6 12. e4 Nxe4 13. Nxe4 dxe4 14. Bxe7 Nxe7 15.
Bxe4 Rc8 16. Re1 b5 17. Qd2 Nd5 18. Rac1 Bb7 19. a3 Qf6 20. h4 Bc6 21. g3 Ne7
22. Ng5 g6 23. Bxc6 Nxc6 24. Rcd1 Rfd8 25. Ne4 Qxd4 26. Qg5 Qxb2 27. Nf6+ Kg7
28. Nh5+ Kh8 29. Nf6 Rxd1 30. Rxd1 Qe5 0-1

[Event "Titled Tue 17th Jun Late"]
[Site "chess.com INT"]
[Date "2025.06.17"]
[Round "3"]
[White "Tang, Austin"]
[Black "Salonen, Aku"]
[Result "0-1"]
[BlackTitle "FM"]
[WhiteElo "1979"]
[BlackElo "2330"]
[WhiteFideId "30964580"]
[BlackFideId "517577"]
[EventDate "2025.06.17"]

1. e4 e6 2. d4 d5 3. Nd2 c5 4. Ngf3 Nc6 5. exd5 exd5 6. Bc4 dxc4 7. dxc5 Bxc5 8.
O-O Nge7 9. Nxc4 Qxd1 10. Rxd1 Be6 11. Be3 Bxc4 12. Bxc5 Rd8 13. Rxd8+ Kxd8 14.
Re1 f6 15. b3 Bd5 16. Nd4 Re8 17. c4 Bf7 18. Rd1 Nxd4 19. Bxd4 Kc7 20. Bxa7 Nc6
21. Be3 Ra8 22. a4 g5 23. h3 Bg6 24. Rd2 Na5 25. Rb2 Rd8 26. Bd2 Nxb3 27. Bc3
Rd1+ 28. Kh2 Nd4 29. Ba5+ Kc8 30. Rb6 Nc6 31. Bc3 f5 32. Rb5 Rc1 33. Bf6 Rxc4
34. Bxg5 Rxa4 35. f4 Rb4 36. Rd5 Rd4 37. Rc5 Kc7 38. g4 b6 39. Rc1 b5 40. gxf5
Bxf5 41. Rc5 Bd3 42. f5 Rc4 43. Rd5 Be4 0-1

[Event "Titled Tue 17th Jun Late"]
[Site "chess.com INT"]
[Date "2025.06.17"]
[Round "3"]
[White "Kanakaris, Georgios"]
[Black "Peatman, Carter"]
[Result "1-0"]
[WhiteTitle "IM"]
[WhiteElo "2396"]
[BlackElo "2082"]
[WhiteFideId "4209460"]
[BlackFideId "2096480"]
[EventDate "2025.06.17"]

1. e4 e5 2. Nf3 Nf6 3. Nxe5 d6 4. Nf3 Nxe4 5. Qe2 Qe7 6. d3 Nf6 7. Nc3 Qxe2+ 8.
Bxe2 c6 9. Bg5 Be7 10. O-O-O O-O 11. Rhe1 h6 12. Bh4 Bg4 13. Nd4 Bd7 14. Bf3 Bd8
15. h3 Na6 16. g4 Nh7 17. Bg3 d5 18. Bd6 Re8 19. Rxe8+ Bxe8 20. Nf5 Bd7 21. Re1
Ng5 22. Bg2 Bxf5 23. Re8+ Kh7 24. gxf5 Ne6 25. fxe6 Bg5+ 26. Kd1 Rxe8 27. exf7
Rd8 28. f8=Q Rxf8 29. Bxf8 Nc7 30. Bd6 Ne6 31. Be5 Bh4 32. Ke2 1-0

[Event "Titled Tue 17th Jun Late"]
[Site "chess.com INT"]
[Date "2025.06.17"]
[Round "3"]
[White "Nakara Husain"]
[Black "Thake, Conrad"]
[Result "1-0"]
[BlackTitle "CM"]
[WhiteElo "1713"]
[BlackElo "1873"]
[WhiteFideId "25636111"]
[BlackFideId "5602947"]
[EventDate "2025.06.17"]

1. e4 c5 2. c3 e6 3. d4 d5 4. exd5 exd5 5. Nf3 Nc6 6. Be2 Nf6 7. O-O Be7 8. Be3
cxd4 9. Nxd4 O-O 10. Nd2 h6 11. Bf3 a6 12. Re1 Qc7 13. h3 Bd6 14. Qb3 Na5 15.
Qc2 Nc4 16. Nxc4 dxc4 17. Rad1 Rb8 18. Nf5 Bxf5 19. Qxf5 Rfe8 20. Bxh6 Rxe1+ 21.
Rxe1 Re8 22. Rd1 Re5 23. Qc2 gxh6 24. Qd2 Bf8 25. Qd4 Bg7 26. Qh4 b5 27. g3 Qe7
28. Kg2 Re1 29. Rd2 Re6 30. Qf4 Ne4 31. Qb8+ Kh7 32. Re2 f5 33. Qf4 Be5 34.
Qxf5+ 1-0

[Event "Titled Tue 17th Jun Late"]
[Site "chess.com INT"]
[Date "2025.06.17"]
[Round "3"]
[White "Nurgaliyeva, Zarina"]
[Black "Paravyan, David"]
[Result "0-1"]
[WhiteTitle "WFM"]
[BlackTitle "GM"]
[WhiteElo "2252"]
[BlackElo "2589"]
[WhiteFideId "13730096"]
[BlackFideId "4194985"]
[EventDate "2025.06.17"]

1. e4 e5 2. Nf3 Nf6 3. Nc3 Nc6 4. Bb5 Nd4 5. Bd3 Nxf3+ 6. Qxf3 d6 7. O-O g6 8.
Qg3 Nh5 9. Qf3 Bg7 10. Bc4 O-O 11. d3 Kh8 12. Qe2 c6 13. a4 Qe8 14. f4 Nxf4 15.
Bxf4 exf4 16. Rxf4 f5 17. Raf1 g5 18. R4f3 f4 19. h3 Bd7 20. Qe1 Qe5 21. Qd2
Rae8 22. Nd1 h5 23. c3 Bh6 24. d4 Qxe4 25. Bd3 Qe6 26. R3f2 g4 27. Re2 Qf6 28.
Rxe8 Rxe8 29. hxg4 hxg4 30. Nf2 Qh4 31. Ne4 g3 32. Rf3 Qh2+ 0-1

[Event "Titled Tue 17th Jun Late"]
[Site "chess.com INT"]
[Date "2025.06.17"]
[Round "3"]
[White "Zhukovskyi, Oleksandr"]
[Black "Talibov, Shiroghlan"]
[Result "0-1"]
[WhiteTitle "CM"]
[BlackTitle "IM"]
[WhiteElo "2145"]
[BlackElo "2414"]
[WhiteFideId "14169371"]
[BlackFideId "13429078"]
[EventDate "2025.06.17"]

1. b3 d5 2. Bb2 Bg4 3. Nf3 Bxf3 4. exf3 Nd7 5. f4 Ngf6 6. Be2 g6 7. h4 Bg7 8.
Qc1 h5 9. d3 e6 10. Nd2 c5 11. Nf3 Qc7 12. Ne5 Nxe5 13. Bxe5 Qa5+ 14. Qd2 Qxd2+
15. Kxd2 Ke7 16. Bxf6+ Bxf6 17. Rab1 b5 18. a4 a6 19. c3 Rhb8 20. Bf3 Rb7 21. f5
gxf5 22. Bxh5 Rh8 23. Bf3 Bxh4 24. g3 Bg5+ 25. Kc2 Rhb8 26. c4 Rd7 27. cxd5 exd5
28. Rh5 Kf6 29. Bg2 Kg6 30. Rbh1 bxa4 31. bxa4 Bf6 32. Rh6+ Kg7 33. Rh7+ Kg8 34.
R7h6 Bd4 35. Rb1 Re8 36. Bf3 Bxf2 37. Rbh1 Bd4 38. R1h5 Rb8 39. Rg5+ Kf8 40.
Rxf5 Rb2+ 41. Kc1 Rf2 42. Rhh5 Rb7 43. Rxf7+ Rxf7 0-1

[Event "Titled Tue 17th Jun Late"]
[Site "chess.com INT"]
[Date "2025.06.17"]
[Round "3"]
[White "Vinolas Anglada, Laura"]
[Black "Mecit, Emre"]
[Result "1-0"]
[WhiteTitle "WCM"]
[WhiteElo "2059"]
[BlackElo "2007"]
[WhiteFideId "24517925"]
[BlackFideId "6304214"]
[EventDate "2025.06.17"]

1. e4 e5 2. Nf3 Nc6 3. Bc4 Nf6 4. d4 exd4 5. e5 d5 6. Bb5 Ne4 7. Nxd4 Bd7 8.
Bxc6 bxc6 9. Be3 c5 10. Nb3 d4 11. Bf4 Bc6 12. O-O g5 13. Bg3 h5 14. f3 h4 15.
Bf2 Nxf2 16. Rxf2 Qd5 17. N1d2 O-O-O 18. Na5 Ba8 19. Ndc4 g4 20. fxg4 h3 21. Qf3
hxg2 22. Qf5+ Kb8 23. Re1 Bh6 24. Qxf7 Be3 25. Nxe3 dxe3 26. Rf5 Qxf7 27. Rxf7
Rd2 28. e6 e2 29. e7 Rc8 30. Rf8 1-0

[Event "Titled Tue 17th Jun Late"]
[Site "chess.com INT"]
[Date "2025.06.17"]
[Round "3"]
[White "Mujumdar, Sameer"]
[Black "Soto Vega, Jorge"]
[Result "0-1"]
[BlackTitle "FM"]
[WhiteElo "2043"]
[BlackElo "2353"]
[WhiteFideId "2029707"]
[BlackFideId "3800580"]
[EventDate "2025.06.17"]

1. d4 d5 2. c4 c6 3. Nc3 Nf6 4. e3 Bg4 5. Qb3 Qb6 6. c5 Qc7 7. Bd3 Nbd7 8. Nf3
Bxf3 9. gxf3 e5 10. Bd2 Be7 11. Rg1 O-O 12. Qc2 b6 13. cxb6 axb6 14. Ne2 c5 15.
dxc5 bxc5 16. b3 Rfc8 17. Bf5 Qa7 18. f4 Rc7 19. a4 c4 20. bxc4 Rxc4 21. Qa2
exf4 22. Nxf4 Ne5 23. Ke2 Qa6 24. Nd3 Re4 25. Qc2 Rc4 26. Qb1 Ne4 27. Bxe4 dxe4
28. Nxe5 Rc1+ 29. Qb5 Qxb5+ 30. axb5 Rcxa1 31. Rg4 f5 32. Rg2 R1a2 33. f3 Bf6
34. Nd7 Bc3 35. Kd1 Rxd2+ 36. Rxd2 Bxd2 37. Kxd2 Rd8 0-1

[Event "Titled Tue 17th Jun Late"]
[Site "chess.com INT"]
[Date "2025.06.17"]
[Round "3"]
[White "Swara Lakshmi S Nair"]
[Black "Golis, Wiktor"]
[Result "0-1"]
[WhiteTitle "WCM"]
[BlackTitle "FM"]
[WhiteElo "2187"]
[BlackElo "2307"]
[WhiteFideId "25629239"]
[BlackFideId "21055874"]
[EventDate "2025.06.17"]

1. e4 c6 2. d4 d5 3. Nc3 dxe4 4. Nxe4 Nf6 5. Nxf6+ exf6 6. c3 Bd6 7. Bd3 O-O 8.
Qc2 Re8+ 9. Ne2 h5 10. O-O h4 11. h3 Nd7 12. Bd2 Nf8 13. Rae1 g6 14. Nf4 Rxe1
15. Rxe1 Qc7 16. Qc1 Bd7 17. c4 b6 18. b4 Rd8 19. c5 bxc5 20. bxc5 Bxf4 21. Bxf4
Qa5 22. Re2 Ne6 23. Bc4 Nxd4 24. Re7 Be6 25. Bc7 Qxc5 26. Bxd8 Ne2+ 27. Bxe2
Qxc1+ 28. Kh2 Qf4+ 29. Kg1 Bd5 30. Bc7 Qc1+ 31. Kh2 Qc5 32. Re8+ Kg7 33. Kg1
Bxa2 34. Bf4 Bd5 35. Be3 Qc3 36. Bxa7 Qa1+ 37. Kh2 Qxa7 0-1

[Event "Titled Tue 17th Jun Late"]
[Site "chess.com INT"]
[Date "2025.06.17"]
[Round "3"]
[White "Kharitonov, Sergei"]
[Black "Storn, Justin"]
[Result "0-1"]
[WhiteTitle "CM"]
[WhiteElo "2014"]
[BlackElo "2073"]
[WhiteFideId "4129750"]
[BlackFideId "30922720"]
[EventDate "2025.06.17"]

1. e4 Nc6 2. Nc3 e5 3. Bc4 Nf6 4. f4 d6 5. Nf3 Be7 6. O-O O-O 7. a4 Be6 8. Bd5
Bxd5 9. exd5 Nb4 10. fxe5 dxe5 11. Nxe5 Nbxd5 12. d3 Nxc3 13. bxc3 Nd5 14. c4
Bc5+ 15. d4 Nc3 16. Qe1 Bxd4+ 17. Kh1 Qe7 18. Bf4 Rae8 19. Nf3 Qc5 20. Qh4 Ne2
21. Bg5 Bxa1 22. c3 Bxc3 23. Qg4 f5 0-1

[Event "Titled Tue 17th Jun Late"]
[Site "chess.com INT"]
[Date "2025.06.17"]
[Round "3"]
[White "Dudzinski, Pawel"]
[Black "Roebers, Eline"]
[Result "0-1"]
[WhiteTitle "FM"]
[BlackTitle "IM"]
[WhiteElo "2191"]
[BlackElo "2356"]
[WhiteFideId "1117890"]
[BlackFideId "1058401"]
[EventDate "2025.06.17"]

1. e4 c5 2. c4 Nc6 3. Nc3 g6 4. g3 Bg7 5. Bg2 e6 6. Rb1 Nge7 7. a3 a5 8. Nge2 d6
9. O-O O-O 10. Nb5 e5 11. d3 f5 12. f4 Be6 13. fxe5 dxe5 14. Nbc3 fxe4 15. Rxf8+
Qxf8 16. Nxe4 Nf5 17. Ng5 Nd8 18. Nxe6 Nxe6 19. Bxb7 Rd8 20. Bd5 Qe7 21. Nc3 Kh8
22. Bxe6 Qxe6 23. Nd5 e4 24. Bg5 Bd4+ 25. Kg2 Rf8 26. Qe2 e3 27. g4 Nh6 28. Bxe3
Bxe3 29. Qxe3 Qxg4+ 30. Qg3 Qe2+ 31. Kg1 Nf5 32. Qf2 Qxd3 33. Qxc5 Qxb1+ 34. Kg2
Qxb2+ 35. Kh3 Qg7 36. Nf4 Qh6+ 37. Kg4 Re8 38. Qc6 Qh4+ 39. Kf3 Nd4+ 40. Kg2
Nxc6 0-1

[Event "Titled Tue 17th Jun Late"]
[Site "chess.com INT"]
[Date "2025.06.17"]
[Round "3"]
[White "Romanchuk, Viktor"]
[Black "Rogov, Matfey"]
[Result "0-1"]
[WhiteTitle "FM"]
[BlackTitle "FM"]
[WhiteElo "2266"]
[BlackElo "2348"]
[WhiteFideId "14109271"]
[BlackFideId "44191308"]
[EventDate "2025.06.17"]

1. d4 Nf6 2. c4 b6 3. Nc3 Bb7 4. Qc2 Nc6 5. Nf3 Nb4 6. Qb3 e6 7. a3 Na6 8. e3 c5
9. d5 d6 10. Be2 e5 11. O-O Be7 12. Qc2 O-O 13. e4 Nc7 14. b4 Nd7 15. Ne1 Bg5
16. Bg4 Bxc1 17. Rxc1 Bc8 18. Nd3 Qg5 19. Bh3 Nf6 20. Bxc8 Raxc8 21. bxc5 bxc5
22. Rb1 Rb8 23. Qc1 Qg6 24. f3 h5 25. Qd2 h4 26. Rxb8 Rxb8 27. Rb1 Rxb1+ 28.
Nxb1 Nh5 29. Kf2 Ne8 30. Nc3 a6 31. Ne2 f5 32. Nc3 Nef6 33. Qe2 h3 34. g3 Nxg3
35. hxg3 Nh5 36. g4 h2 37. Kg2 h1=Q+ 38. Kxh1 Ng3+ 39. Kg2 Nxe2 40. Nxe2 fxe4 0-1

[Event "Titled Tue 17th Jun Late"]
[Site "chess.com INT"]
[Date "2025.06.17"]
[Round "3"]
[White "Romany, Joy"]
[Black "Krishnakumar, Sriram"]
[Result "0-1"]
[WhiteTitle "WIM"]
[BlackTitle "FM"]
[WhiteElo "1960"]
[BlackElo "2197"]
[WhiteFideId "10656820"]
[BlackFideId "30915856"]
[EventDate "2025.06.17"]

1. d4 d5 2. c4 c6 3. Nf3 Nf6 4. Nc3 e6 5. e3 Nbd7 6. Qc2 Bd6 7. b3 O-O 8. Bb2 e5
9. cxd5 exd4 10. Nxd4 cxd5 11. Bd3 Ne5 12. Be2 Bd7 13. h3 Rc8 14. O-O Ne4 15.
Rac1 Bb4 16. f4 Bxc3 17. Bxc3 Rxc3 18. Qb2 Rxc1 19. Rxc1 Nc6 20. Nf3 Re8 21. Rd1
Nf6 22. Kf2 Qb6 23. Qc1 Ne4+ 24. Kg1 Ng3 25. Bd3 Rxe3 26. Kh2 Ne2 27. Qc2 Nxf4
28. Bxh7+ Kf8 29. Qb2 Re2 30. Qa3+ Qb4 31. Qc1 Nxg2 32. Kg1 Ne3 33. Rd3 Qf4 34.
Qc5+ Ne7 35. Qxa7 Qg3+ 36. Kh1 Qg2# 0-1

[Event "Titled Tue 17th Jun Late"]
[Site "chess.com INT"]
[Date "2025.06.17"]
[Round "3"]
[White "Mitrabha, Guha"]
[Black "Sahbudak, Baris Cinar"]
[Result "1-0"]
[WhiteTitle "GM"]
[BlackTitle "CM"]
[WhiteElo "2515"]
[BlackElo "2072"]
[WhiteFideId "5057000"]
[BlackFideId "26351633"]
[EventDate "2025.06.17"]

1. Nf3 Nf6 2. a3 g6 3. b4 Bg7 4. Bb2 O-O 5. c4 d5 6. cxd5 Nxd5 7. Bxg7 Kxg7 8.
h4 h5 9. Qc1 e6 10. Nc3 Nc6 11. Ne4 f6 12. g3 e5 13. Bg2 Bf5 14. Nc5 e4 15. Nh2
Qe7 16. O-O Nd4 17. Qc4 Qe5 18. e3 Ne6 19. d4 Nb6 20. Qxe6 Qxe6 21. Nxe6+ Bxe6
22. Bxe4 c6 23. Rfc1 Rae8 24. Bg2 Bd5 25. Nf3 a6 26. Nd2 Re7 27. a4 Bxg2 28.
Kxg2 Nd5 29. Rab1 Ra8 30. Nc4 Kf7 31. Rc2 Re6 32. b5 cxb5 33. axb5 a5 34. Na3 b6
35. Rbc1 Re7 36. Rc6 Rb8 37. Nc4 Nb4 38. Rxb6 Rxb6 39. Nxb6 Rb7 40. Nc4 Rxb5 41.
Nd6+ Ke6 42. Nxb5 Nd3 43. Ra1 a4 44. Rxa4 1-0